[Event "VIE-ch U09 Girls"]
[Site "Ho Chi Minh City"]
[Date "2014.07.18"]
[Round "9"]
[White "Diep, Tuong Bao Ngoc"]
[Black "Nguyen, Thi Thanh Ngan"]
[Result "1-0"]
[WhiteElo "1573"]
[BlackElo "1577"]
[PlyCount "53"]
[EventDate "2014.07.13"]
[EventType "swiss"]
[EventRounds "9"]
[EventCountry "VIE"]
[SourceTitle "EXT 2016"]
[Source "ChessBase"]
[SourceDate "2015.10.08"]
[SourceVersion "1"]
[SourceVersionDate "2015.10.08"]
[SourceQuality "1"]

1. d4 d5 2. Nc3 Nf6 3. Bf4 a6 4. e3 Nc6 5. Nf3 Bf5 6. Bd3 Bxd3 7. Qxd3 e6 8. a3 Bd6 9. Ne5 Bxe5 10. Bxe5 Nxe5 11. dxe5 Nd7 12. f4 Nc5 13. Qd4 b6 14. 0-0 0-0 15. f5 exf5 16. Rxf5 Qd7 17. Rf3 Qe6 18. Nxd5 Qg6 19. Ne7+ Kh8 20. Nxg6+ fxg6 21. Rxf8+ Rxf8 22. b4 Ne6 23. Qd7 Ng5 24. e6 Nxe6 25. Qxe6 Rf5 26. Qe8+ Rf8 27. Qxf8# 1-0

[Event "VIE-ch U09 Girls"]
[Site "Ho Chi Minh City"]
[Date "2014.07.17"]
[Round "8"]
[White "Nguyen, Ngoc Thao Nhi"]
[Black "Diep, Tuong Bao Ngoc"]
[Result "0-1"]
[WhiteElo "1566"]
[BlackElo "1573"]
[PlyCount "92"]
[EventDate "2014.07.13"]
[EventType "swiss"]
[EventRounds "9"]
[EventCountry "VIE"]
[SourceTitle "EXT 2016"]
[Source "ChessBase"]
[SourceDate "2015.10.08"]
[SourceVersion "1"]
[SourceVersionDate "2015.10.08"]
[SourceQuality "1"]

1. e4 e5 2. Nc3 Nf6 3. Nf3 Bc5 4. h3 d6 5. Bc4 Nc6 6. Ng5 0-0 7. Bxf7+ Rxf7 8. Nxf7 Kxf7 9. d3 h6 10. Qf3 Nd4 11. Qd1 Be6 12. Be3 c6 13. Qd2 Qb6 14. Na4 Qb5 15. Bxd4 Bxd4 16. c3 Qxa4 17. cxd4 Qxd4 18. 0-0 Nxe4 19. Qd1 Ng3 20. Qf3+ Nf5 21. b3 Kg8 22. Rab1 d5 23. Rbd1 Re8 24. b4 Bd7 25. g4 Nh4 26. Qg3 Ng6 27. g5 h5 28. h4 Nxh4 29. Rfe1 g6 30. Re3 Nf5 31. Qf3 Nxe3 32. Qxe3 Qxe3 33. fxe3 d4 34. e4 Rf8 35. a4 a6 36. Rc1 Rf3 37. Rc5 Rxd3 38. Rxe5 h4 39. Re7 Bg4 40. e5 h3 41. e6 Rd2 42. Re8+ Kg7 43. Re7+ Kf8 44. Rh7 Bxe6 45. Rh6 Bf5 46. Rh4 d3 0-1